00547nam a22001577a 450000500170000001000150001702000300003203500140006203700130007608200100008910000170009924501310011626000380024727000800028530000240036520210312135956.0 aENG-129220 a978-93-90380-18-3c184.00 aEN-112752 bDBAD/PUB a158.1 aReetesh Riku aMy Experiment with Failures: a psychological journey of every person:: we all have a story, we will never tell../cRitesh Riku aDelhibBlue Rose Publishersc2020 bDelhie110002a4233/1, Ansari Road, Darya Ganjminfo@bluerosepublishers.com aix+131p.c20cm(pbk)